000 00526nam a2200169Ia 4500
003 GCL
008 140319s9999 xx 000 0 ara d
040 _aGCL /
_cGCL
082 0 4 _a811.082
_bظ س
100 1 _aظافر الحسن
245 1 0 _aالسفر فى علامة الاستفهام /
_cظافر الحسن
260 _a[S.N] :
_bالمؤسسة الجامعية للدراسات والنشر والتوزيع ،
_c1984
300 _a125 ص
490 _a
650 0 4 _aالشعر السياسى
942 _2ddc
_cBK
999 _c53480
_d53480